Katipay Bharatiy rajnitik vichar. (Record no. 83387)

MARC details
000 -LEADER
fixed length control field 00636nam a2200205Ia 4500
003 - CONTROL NUMBER IDENTIFIER
control field OSt
005 - DATE AND TIME OF LATEST TRANSACTION
control field 20260404110717.0
008 - FIXED-LENGTH DATA ELEMENTS--GENERAL INFORMATION
fixed length control field 210210b1974 xxu||||| |||| 00| 0 eng d
040 ## - CATALOGING SOURCE
Transcribing agency AL
041 ## - LANGUAGE CODE
Language code of text/sound track or separate title Hindi
082 ## - DEWEY DECIMAL CLASSIFICATION NUMBER
Classification number H891.4 GUPK
100 ## - MAIN ENTRY--PERSONAL NAME
Personal name GUPT (R C).
Dates associated with a name गुप्ता (आर सी)
9 (RLIN) 260164
245 ## - TITLE STATEMENT
Title Katipay Bharatiy rajnitik vichar.
260 ## - PUBLICATION, DISTRIBUTION, ETC.
Place of publication, distribution, etc. Ujjain
Name of publisher, distributor, etc. Kamal Prakashan
Date of publication, distribution, etc. 1974
300 ## - PHYSICAL DESCRIPTION
Extent 184
650 ## - SUBJECT ADDED ENTRY--TOPICAL TERM
Topical term or geographic name entry element Mahadev Govind Ranade Balgangadhar Tilak Mahatma Gandhi Katils Javaharalal Neharu Manavendranath Ray Rammanohar Lohiya
9 (RLIN) 260165
690 ## - LOCAL SUBJECT ADDED ENTRY--TOPICAL TERM (OCLC, RLIN)
Topical term or geographic name as entry element Hindi Prose
9 (RLIN) 260166
906 ## - LOCAL DATA ELEMENT F, LDF (RLIN)
a 032117
942 ## - ADDED ENTRY ELEMENTS (KOHA)
Source of classification or shelving scheme Dewey Decimal Classification
Koha item type Book
Holdings
Withdrawn status Lost status Source of classification or shelving scheme Damaged status Not for loan Collection code Home library Current library Shelving location Date acquired Cost, normal purchase price Total Checkouts Full call number Barcode Date last seen Price effective from Koha item type
    Dewey Decimal Classification     Hindi St Aloysius Library St Aloysius Library   02/17/2021 0.00   H891.4 GUPK 032117 02/17/2021 02/17/2021 Book